000 00801nam a22001935i 4500
001 178614
003 ES-MaACL
005 20230906220555.0
008 110609s1968 sp |||| | spa d
080 _a616.3
100 1 _aSalvatella Serra, Jorge.
_9147018
245 1 0 _aValor clínico del análisis coprológico /
_cresumen de la tesis presentada para aspirar al grado de doctor en medicina por Jorge Salvatella Serra.
260 _aBarcelona :
_bUniversidad de Barcelona, Secretariado de Publicaciones, Intercambio Científico y Extensión Universitaria :
_bIvern,
_c1968.
300 _a17 p. ;
_c24 cm.
500 _aCub. tomada como port.
650 0 4 _aAparato digestivo-
_xEnfermedades.
_99906
710 2 _aUniversidad de Barcelona.
_97141
852 _aES-MaACL
_jE-15361 (19)
_xOlim P-1374
999 _c178614
_d178614